000 00326nam a22001337a 4500
020 _a0-471-84265-6
082 _a629.892 MAU'P
100 _aALLSUP, RANDA , MAUS, REX
_965513
245 _aROBOTICS , A MANAGERS GUIDE
260 _aNEWYORK
_bJOHN WILEY
_c1986
300 _aX, 238P
650 _aROBOTICS
_92585
942 _cBK
999 _c573696
_d573696